00966nam a2200265 i 4500001000300000245018600003260002600189300002100215504001400236650002500250650003400275655003000309700003000339710003700369020001500406040000800421041000700429080003400436920001800470942000700488008004100495999001700536856009800553952004900651bg00aZarządzanie morskim statkiem transportowym oraz jego eksploatacja /cpraca pod red. Zdzisława Chuchli ; [aut. rozdz. Zdzisław Chuchla et al. ; Wyższa Szkoła Morska - Gdynia]. aGdynia :bWSM,c2000. a235 s. ;c21 cm. aBibliogr. 9aStatkixeksploatacja 9aTransport morskixorganizacja aPodręczniki akademickie1 aCHUCHLA, Zdzisław.eRed. 0aWyższa Szkoła Morska (Gdynia) a8387875910 cBPK0 apl a656.61.008:629.54.004](075.8) a83-87875-91-0 cKS s pl f |000 0 pol  c40945d40945 uhttp://koha.tu.koszalin.pl/cgi-bin/koha/opac-detail.pl?biblionumber=40945yKatalog online BPK 00104070aBPKbBPKcwo63040p01674958yKS